MARC details
| 000 -LEADER |
| fixed length control field |
02062cam a2200445 a 4500 |
| 001 - CONTROL NUMBER |
| control field |
14692908 |
| 003 - CONTROL NUMBER IDENTIFIER |
| control field |
ARRUPE |
| 005 - DATE AND TIME OF LATEST TRANSACTION |
| control field |
20180111122943.0 |
| 008 - FIXED-LENGTH DATA ELEMENTS--GENERAL INFORMATION |
| fixed length control field |
070110s2007 enk b 001 0 eng |
| 010 ## - LIBRARY OF CONGRESS CONTROL NUMBER |
| LC control number |
2007001041 |
| 015 ## - NATIONAL BIBLIOGRAPHY NUMBER |
| National bibliography number |
GBA722274 |
| Source |
bnb |
| 016 7# - NATIONAL BIBLIOGRAPHIC AGENCY CONTROL NUMBER |
| Record control number |
013699195 |
| Source |
Uk |
| 020 ## - INTERNATIONAL STANDARD BOOK NUMBER |
| International Standard Book Number |
9780415383301 (hbk. : alk. paper) |
| 020 ## - INTERNATIONAL STANDARD BOOK NUMBER |
| International Standard Book Number |
0415383307 (hbk. : alk. paper) |
| 020 ## - INTERNATIONAL STANDARD BOOK NUMBER |
| International Standard Book Number |
9780415383318 (pbk. : alk. paper) |
| 020 ## - INTERNATIONAL STANDARD BOOK NUMBER |
| International Standard Book Number |
0415383315 (pbk. : alk. paper) |
| 020 ## - INTERNATIONAL STANDARD BOOK NUMBER |
| International Standard Book Number |
9780203946008 (ebk.) |
| 020 ## - INTERNATIONAL STANDARD BOOK NUMBER |
| International Standard Book Number |
0203946006 (ebk.) |
| 035 ## - SYSTEM CONTROL NUMBER |
| System control number |
(OCoLC)ocm79002146 |
| 040 ## - CATALOGING SOURCE |
| Original cataloging agency |
DLC |
| Transcribing agency |
DLC |
| Modifying agency |
UKM |
| -- |
BAKER |
| -- |
BTCTA |
| -- |
YDXCP |
| -- |
BWKUK |
| -- |
BWK |
| -- |
STF |
| -- |
DLC |
| 050 00 - LIBRARY OF CONGRESS CALL NUMBER |
| Classification number |
B945.R523 |
| Item number |
P45 2007 |
| 082 00 - DEWEY DECIMAL CLASSIFICATION NUMBER |
| Classification number |
191 |
| Edition number |
22 |
| 300 ## - PHYSICAL DESCRIPTION |
| Dimensions |
21 cm. |
| 100 1# - MAIN ENTRY--PERSONAL NAME |
| Personal name |
Tartaglia, James, |
| Dates associated with a name |
1973- |
| 9 (RLIN) |
38397 |
| 245 10 - TITLE STATEMENT |
| Title |
Routledge philosophy guidebook to Rorty and the mirror of nature / |
| Statement of responsibility, etc |
James Tartaglia. |
| 246 10 - VARYING FORM OF TITLE |
| Title proper/short title |
Rorty and the mirror of nature |
| 260 ## - PUBLICATION, DISTRIBUTION, ETC. (IMPRINT) |
| Place of publication, distribution, etc |
London ; |
| -- |
New York : |
| Name of publisher, distributor, etc |
Routledge, |
| Date of publication, distribution, etc |
2007. |
| 300 ## - PHYSICAL DESCRIPTION |
| Extent |
257 p. ; |
| 440 #0 - SERIES STATEMENT/ADDED ENTRY--TITLE |
| Title |
Routledge philosophy guidebooks |
| 9 (RLIN) |
38398 |
| 504 ## - BIBLIOGRAPHY, ETC. NOTE |
| Bibliography, etc |
Includes bibliographical references (p. [241]-251) and index. |
| 505 0# - FORMATTED CONTENTS NOTE |
| Formatted contents note |
Rorty -- The mirror of nature -- The origins of the mirror -- The antipodeans -- The origins of philosophy -- Linguistic holism -- Naturalized epistemology : psychology -- Naturalized epistemology : language -- Science and pluralism -- The power of strangeness. |
| 600 10 - SUBJECT ADDED ENTRY--PERSONAL NAME |
| Personal name |
Rorty, Richard. |
| Title of a work |
Philosophy and the mirror of nature. |
| 9 (RLIN) |
38399 |
| 650 #0 - SUBJECT ADDED ENTRY--TOPICAL TERM |
| Topical term or geographic name as entry element |
Philosophy. |
| 9 (RLIN) |
38400 |
| 650 #0 - SUBJECT ADDED ENTRY--TOPICAL TERM |
| Topical term or geographic name as entry element |
Philosophy, Modern. |
| 9 (RLIN) |
38401 |
| 650 #0 - SUBJECT ADDED ENTRY--TOPICAL TERM |
| Topical term or geographic name as entry element |
Representation (Philosophy) |
| 9 (RLIN) |
20496 |
| 650 #0 - SUBJECT ADDED ENTRY--TOPICAL TERM |
| Topical term or geographic name as entry element |
Analysis (Philosophy) |
| 9 (RLIN) |
38402 |
| 650 #0 - SUBJECT ADDED ENTRY--TOPICAL TERM |
| Topical term or geographic name as entry element |
Civilization |
| General subdivision |
Philosophy. |
| 9 (RLIN) |
8014 |
| 856 41 - ELECTRONIC LOCATION AND ACCESS |
| Materials specified |
Table of contents only |
| Uniform Resource Identifier |
<a href="http://www.loc.gov/catdir/toc/ecip078/2007001041.html">http://www.loc.gov/catdir/toc/ecip078/2007001041.html</a> |
| 906 ## - LOCAL DATA ELEMENT F, LDF (RLIN) |
| a |
7 |
| b |
cbc |
| c |
orignew |
| d |
1 |
| e |
ecip |
| f |
20 |
| g |
y-gencatlg |
| 942 ## - ADDED ENTRY ELEMENTS (KOHA) |
| Source of classification or shelving scheme |
Library of Congress Classification |
| Koha item type |
Monograph ( Printed materials) |